[Event "Indywidualne Mistrzostwa Polski Mlodzikow do lat 10 - Chlopcy"]
[Site "Szklarska Poreba"]
[Date "1899-12-30"]
[Round "9.6"]
[White "Olszewski, Antoni"]
[Black "Glaz, Michal"]
[Result "1-0"]
[WhiteTitle "II"]
[BlackTitle "II"]
[WhiteElo "1514"]
[BlackElo "1174"]

1. e4 c5 2. Nf3 Nc6 3. d4 cxd4 4. Nxd4 e5 5. Nb5 d6 6. a4 Be7 7. N1c3 a6 8. Na3
f5 9. exf5 Bxf5 10. Bd3 Bxd3 11. Qxd3 Nf6 12. O-O O-O 13. Rd1 Qd7 14. Nd5 Nxd5
15. Qxd5+ Kh8 16. c3 Rad8 17. Be3 Qf5 18. Nc4 Qf7 19. Qxf7 Rxf7 20. Rd5 h6 21.
Rad1 Rf6 22. Bb6 Rd7 23. Bc5 Kh7 24. Bxd6 Bxd6 25. Rxd6 Rdxd6 26. Rxd6 Rf4 27.
b3 Re4 28. Kf1 Rh4 29. h3 Rf4 30. Ke2 Rf7 31. Re6 Rf5 32. g4 Rg5 33. f3 h5 34.
h4 Rg6 35. Rxg6 Kxg6 36. Ke3 Kh6 37. Ke4 g5 38. hxg5+ Kxg5 39. gxh5 Kxh5 40. Nxe5
Na5 41. b4 Nc4 42. Nxc4 1-0

[Event "Indywidualne Mistrzostwa Polski Mlodzikow do lat 10 - Chlopcy"]
[Site "Szklarska Poreba"]
[Date "1899-12-30"]
[Round "9.7"]
[White "Uhryn, Mateusz"]
[Black "Zmarzly, Wiktor"]
[Result "1-0"]
[WhiteTitle "II"]
[BlackTitle "II"]
[WhiteElo "1410"]
[BlackElo "1226"]

1. c4 e5 2. Nc3 Nf6 3. Nf3 e4 4. Ng5 b6 5. Ngxe4 Bb7 6. Nxf6+ Qxf6 7. Qc2 Qh4 8.
b3 Bc5 9. e3 O-O 10. Bb2 f5 11. d4 Bd6 12. O-O-O f4 13. e4 Qg5 14. f3 c6 15. Bd3
Na6 16. e5 Nb4 17. Bxh7+ Kh8 18. Qg6 Qxg6 19. Bxg6 Be7 20. Be4 d6 21. exd6 Bxd6
22. Ba3 Nxa2+ 23. Nxa2 Bxa3+ 24. Kc2 a5 25. Nc3 Bb4 26. d5 Bxc3 27. Kxc3 cxd5
28. Bxd5 Bxd5 29. Rxd5 a4 30. Ra1 axb3 31. Rxa8 Rxa8 32. Kxb3 Re8 33. Rd2 Kg8
34. Kb4 Re6 35. Kb5 Rg6 36. c5 bxc5 37. Kxc5 Rh6 38. h3 g5 39. Kd5 Kg7 40. Ke5
Ra6 41. Kf5 Kh6 42. Kg4 Kg6 43. Rd5 Kf6 44. Rf5+ Ke6 45. Rxg5 Kf6 46. Rf5+ Kg6
47. Rxf4 Ra5 48. Kg3 Rh5 49. Ra4 Kh6 50. Rh4 Kg5 51. Rxh5+ Kxh5 52. h4 Kg6 53.
Kg4 Kh6 54. h5 Kg7 55. Kf5 Kh6 56. g4 Kh7 57. g5 Kh8 58. h6 Kh7 59. g6+ Kg8 60.
Kf6 Kh8 61. g7+ Kg8 62. h7+ Kxh7 63. Kf7 Kh6 64. g8=Q Kh5 65. Qg4+ Kh6 66. Qh4#
1-0

[Event "Indywidualne Mistrzostwa Polski Mlodzikow do lat 10 - Chlopcy"]
[Site "Szklarska Poreba"]
[Date "1899-12-30"]
[Round "9.8"]
[White "Kubik, Bartosz"]
[Black "Micula, Jakub"]
[Result "1/2-1/2"]
[WhiteTitle "II"]
[BlackTitle "II+"]
[WhiteElo "1148"]
[BlackElo "1357"]

1. d4 Nf6 2. c4 c5 3. d5 e6 4. Nc3 exd5 5. cxd5 d6 6. e4 g6 7. Nge2 Bg7 8. Ng3
O-O 9. Be2 Re8 10. f3 a6 11. a4 Nbd7 12. O-O Rb8 13. Be3 Ne5 14. h3 Qc7 15. Qc2
c4 16. Bf2 Re7 17. a5 Ned7 18. Na4 c3 19. bxc3 Ne8 20. Rfc1 Nef6 21. Nb6 h6 22.
Kh1 Kh7 23. Rab1 Nc5 24. c4 Nfd7 25. Bxc5 Qxc5 26. Qd2 Qf2 27. Qe1 Qxe1+ 28. Rxe1
Nc5 29. Rec1 Be5 30. Nf1 Bg7 31. Nd2 f5 32. Nb3 Nxb3 33. Rxb3 fxe4 34. Re3 Bf5
35. fxe4 Rxe4 36. Rxe4 Bxe4 37. c5 Rd8 38. c6 Rf8 39. c7 Rf2 40. Bf3 Bf5 41. c8=Q
Bxc8 42. Nxc8 Be5 43. Rb1 Kh8 44. Nb6 g5 45. Nc4 Bf4 46. Rd1 Rc2 47. Nb6 Ra2 48.
Kg1 Rxa5 49. Kf1 Ra2 50. Re1 Bg3 51. Rb1 Rf2+ 52. Kg1 Rc2 53. Na4 b5 54. Nb2 Be5
55. Nd3 Bd4+ 56. Kf1 Rd2 57. Rd1 Rc2 58. Be2 Bb6 59. Rc1 Ra2 60. Nb4 Ra4 61. Nd3
Be3 1/2-1/2

[Event "Indywidualne Mistrzostwa Polski Mlodzikow do lat 10 - Chlopcy"]
[Site "Szklarska Poreba"]
[Date "1899-12-30"]
[Round "9.9"]
[White "Jasiulewicz, Dawid"]
[Black "Komendecki, Antoni"]
[Result "1-0"]
[WhiteTitle "II"]
[BlackTitle "II"]
[WhiteElo "1253"]
[BlackElo "1271"]

1. d4 d5 2. Nf3 Nf6 3. Bg5 e6 4. Nbd2 Be7 5. e3 O-O 6. Bd3 Nbd7 7. O-O h6 8. Bh4
c5 9. c3 b6 10. Qe2 Bb7 11. dxc5 Nxc5 12. Bc2 Ba6 13. c4 dxc4 14. Nxc4 Nd5 15.
Bxe7 Qxe7 16. Rfd1 Rac8 17. Rac1 Rc7 18. Bb1 Rfc8 19. Qd2 Nd7 20. Nce5 Nxe5 21.
Nxe5 f6 22. Ng6 Qb4 23. Qxb4 Nxb4 24. Rxc7 Rxc7 25. Rd8+ Kf7 26. Rf8# 1-0

[Event "Indywidualne Mistrzostwa Polski Mlodzikow do lat 10 - Chlopcy"]
[Site "Szklarska Poreba"]
[Date "1899-12-30"]
[Round "9.10"]
[White "Nocek, Dominik"]
[Black "Przybylski, Jan"]
[Result "1-0"]
[WhiteTitle "II"]
[BlackTitle "II"]
[WhiteElo "1232"]
[BlackElo "1140"]

1. e4 c5 2. Nf3 e6 3. c3 d5 4. exd5 Qxd5 5. d4 Nf6 6. Be3 cxd4 7. cxd4 Nc6 8. a3
Be7 9. Nc3 Qd8 10. Bd3 Bd7 11. O-O O-O 12. Re1 Rc8 13. Rc1 Re8 14. Qd2 Na5 15.
Qd1 Ng4 16. h3 Nxe3 17. fxe3 Bd6 18. Ne4 Be7 19. Rxc8 Qxc8 20. Ne5 Nc6 21. Nxd7
Qxd7 22. Rf1 f5 23. Nc3 Bg5 24. Qe2 Rd8 25. Bc4 Kh8 26. Rd1 Qe7 27. Kh1 Qf6 28.
Qf3 Qh6 29. Rd3 Rf8 30. Ne2 e5 31. Rc3 g6 32. d5 e4 33. Qf2 Ne5 34. Nf4 Rc8 35.
Ba2 Rxc3 36. bxc3 Bxf4 37. exf4 Nd3 38. Qd4+ Qg7 39. d6 Nxf4 40. Qxg7+ Kxg7 41.
d7 e3 42. d8=Q e2 43. Qe8 1-0

[Event "Indywidualne Mistrzostwa Polski Mlodzikow do lat 10 - Chlopcy"]
[Site "Szklarska Poreba"]
[Date "1899-12-30"]
[Round "9.11"]
[White "Wojtacha, Krzysztof"]
[Black "Kozak, Karol"]
[Result "1-0"]
[WhiteTitle "II"]
[BlackTitle "II"]
[WhiteElo "1280"]
[BlackElo "1133"]

1. e4 c5 2. Nf3 Nc6 3. d4 cxd4 4. Nxd4 Nf6 5. Nc3 e5 6. Ndb5 h6 7. Nd6+ Bxd6 8.
Qxd6 Qe7 9. Qxe7+ Kxe7 10. Be3 d6 11. f3 Be6 12. O-O-O Rhc8 13. a3 a6 14. Na4
Rab8 15. Nb6 Rc7 16. Kb1 Na5 17. Bd2 Nc4 18. Bxc4 Bxc4 19. Bb4 Ne8 20. f4 f6 21.
b3 Bb5 22. Nd5+ Kd7 23. Nxc7 Kxc7 24. fxe5 dxe5 25. Rhe1 Bc6 26. Re3 Rc8 27. Rde1
Nd6 28. Bxd6+ Kxd6 29. Rg3 Rc7 30. Kc1 Ke6 31. Kd2 Rd7+ 32. Rd3 Rc7 33. Ke3 Bb5
34. Rd2 Rc3+ 35. Kf2 Rc7 36. c4 Bc6 37. Ke3 g6 38. Red1 b5 39. c5 Be8 40. Rd6+
Ke7 41. b4 Bc6 42. Rf1 f5 43. exf5 gxf5 44. Rxf5 Bxg2 45. Rxe5+ Kf7 46. Rxh6 Kg7
47. Rxa6 Bc6 48. Re6 Bd5 49. Rg6+ Kf7 50. Raf6+ Ke8 51. Kd4 Bc4 52. Ke5 Rd7 53.
Rd6 Re7+ 54. Rge6 Rxe6+ 55. Rxe6+ Bxe6 56. Kxe6 Kd8 57. h4 Kc7 58. h5 Kb7 59.
h6 Ka6 60. h7 1-0

[Event "Indywidualne Mistrzostwa Polski Mlodzikow do lat 10 - Chlopcy"]
[Site "Szklarska Poreba"]
[Date "1899-12-30"]
[Round "9.12"]
[White "Bochniak, Franciszek"]
[Black "Stachowiak, Bruno"]
[Result "1-0"]
[WhiteTitle "II"]
[BlackTitle "II"]
[WhiteElo "1263"]
[BlackElo "1105"]

1. e4 e5 2. Nf3 Nc6 3. Bc4 Nf6 4. d3 Bc5 5. O-O d6 6. c3 a6 7. Bg5 Be6 8. Bxe6
fxe6 9. Re1 Ba7 10. Qe2 Qd7 11. Na3 O-O-O 12. Nc2 h6 13. Bh4 Rdf8 14. Bxf6 gxf6
15. d4 Rhg8 16. Qd3 Ne7 17. Nh4 Rg4 18. Qh3 Rgg8 19. Rad1 c6 20. Qd3 Kc7 21. Re2
Nc8 22. a4 Qf7 23. Kh1 Qe7 24. g3 Rf7 25. Na3 Rd8 26. b4 Qf8 27. b5 Kb8 28. bxa6
b6 29. dxe5 fxe5 30. Rf1 Ne7 31. Rb2 Ka8 32. Nc4 Rb8 33. Qxd6 Nc8 34. Qxc6+ 1-0

[Event "Indywidualne Mistrzostwa Polski Mlodzikow do lat 10 - Chlopcy"]
[Site "Szklarska Poreba"]
[Date "1899-12-30"]
[Round "9.13"]
[White "Uhryn, Lukasz"]
[Black "Zielonka, Adam"]
[Result "0-1"]
[WhiteTitle "II"]
[BlackTitle "II"]
[WhiteElo "1042"]
[BlackElo "1177"]

1. e4 c6 2. c4 d5 3. exd5 cxd5 4. cxd5 Nf6 5. Nc3 Nxd5 6. Nf3 e6 7. d4 Nc6 8. Bd3
Be7 9. O-O O-O 10. a3 Bf6 11. Be3 g6 12. Bb5 a6 13. Bxc6 bxc6 14. Ne4 Bg7 15.
Rc1 Qb6 16. b4 Bb7 17. Nc5 Nxe3 18. fxe3 Rfe8 19. Ng5 Re7 20. Rc2 h6 21. Nge4
Rc7 22. Rcf2 Rd8 23. Qf3 Bc8 24. Qg3 Bf8 25. Nf6+ Kh8 26. Rf4 Re7 27. Rg4 Qc7
28. Qh4 e5 29. Rg3 exd4 30. exd4 Qd6 31. d5 cxd5 32. Rd1 Qe5 33. Nce4 Qc7 34.
Nxd5 Qc2 35. Rgd3 Rxd5 36. Rxd5 Rxe4 37. Qf6+ Kg8 38. Rf1 Be6 39. Rd8 Qc7 40.
Ra8 Qe5 41. Qd8 Qd4+ 42. Qxd4 Rxd4 43. Rxa6 Bc4 44. Ra8 Bxf1 45. Kxf1 Kg7 46.
b5 Bd6 47. g3 Rd2 48. Kg1 Kf6 49. a4 Rb2 50. Ra6 Ke5 51. b6 Bc5+ 52. Kh1 Rxb6
53. Ra8 Rb2 54. a5 Ra2 55. a6 Kf5 56. Rd8 Kg4 57. Rd1 Kh3 58. Rd4 Ra1+ 59. Rd1
Rxd1# 0-1

[Event "Indywidualne Mistrzostwa Polski Mlodzikow do lat 10 - Chlopcy"]
[Site "Szklarska Poreba"]
[Date "1899-12-30"]
[Round "9.14"]
[White "Karwot, Marek"]
[Black "Dietrich, Pawel"]
[Result "1-0"]
[WhiteTitle "III"]
[BlackTitle "II"]
[WhiteElo "1006"]
[BlackElo "1150"]

1. e4 c5 2. Nf3 Nc6 3. d4 cxd4 4. Nxd4 g6 5. c4 Bg7 6. Be3 Nf6 7. Nc3 O-O 8. Be2
d6 9. O-O Bd7 10. Qd2 Rc8 11. Rac1 Qa5 12. f3 Ne5 13. b3 Nc6 14. Rfd1 Ne8 15.
Nd5 Qxd2 16. Rxd2 Nf6 17. Nxc6 Nxd5 18. cxd5 bxc6 19. dxc6 Bxc6 20. Rdc2 Bd7 21.
Rxc8 Bxc8 22. Rc7 Be6 23. Rxe7 a5 24. Ra7 Bc3 25. Bb6 Kg7 26. Kf2 Rb8 27. Be3
Rb4 28. Rc7 Bd4 29. Bc4 Bxe3+ 30. Kxe3 Bxc4 31. Rxc4 Rb7 32. Ra4 Rb5 33. Rd4 Rb6
34. Rd5 a4 35. bxa4 Rb2 36. Rd2 Rb4 37. Rxd6 Rxa4 38. Rd2 Kf6 39. Kf4 Ra6 40.
Rd6+ Rxd6 41. e5+ Ke6 42. exd6 Kxd6 43. Kg5 f5 44. Kh6 Kc5 45. Kxh7 g5 46. Kg6
g4 47. Kxf5 gxf3 48. gxf3 1-0

[Event "Indywidualne Mistrzostwa Polski Mlodzikow do lat 10 - Chlopcy"]
[Site "Szklarska Poreba"]
[Date "1899-12-30"]
[Round "9.15"]
[White "Kowalczyk, Jakub"]
[Black "Kwapisz, Piotr"]
[Result "0-1"]
[WhiteTitle "II"]
[BlackTitle "II"]
[WhiteElo "1070"]
[BlackElo "1326"]

1. e4 d5 2. exd5 Qxd5 3. Nc3 Qd6 4. d4 Nf6 5. Nf3 a6 6. Be3 Nc6 7. Be2 Bf5 8. a3
O-O-O 9. h3 e5 10. dxe5 Nxe5 11. Qxd6 Bxd6 12. Rc1 Rhe8 13. O-O Ng6 14. Ng5 Rd7
15. Rfd1 h6 16. Nf3 Nf4 17. Bd3 Nxd3 18. cxd3 Be5 19. d4 Bd6 20. Na4 Kb8 21. Nc3
Be4 22. Nd2 Bc6 23. Nc4 Nd5 24. Nxd5 Bxd5 25. Nxd6 Rxd6 26. Re1 Rde6 27. Rc5 c6
28. Bf4+ Kc8 29. Rxe6 Rxe6 30. Be3 g5 31. Rc1 f5 32. g3 Rg6 33. Kh2 h5 34. Rg1
g4 35. h4 b5 36. Rc1 Kb7 37. b4 Kb6 38. Bd2 Re6 39. Re1 Kc7 40. Bf4+ Kd7 41. Be5
Re8 42. Kg1 a5 43. Ra1 Ra8 44. bxa5 Rxa5 45. Bf4 Ra4 46. Be3 b4 47. Bc1 bxa3 48.
Rxa3 Rxd4 49. Ra7+ Ke6 50. Re7+ Kxe7 51. Ba3+ Ke6 0-1

[Event "Indywidualne Mistrzostwa Polski Mlodzikow do lat 10 - Chlopcy"]
[Site "Szklarska Poreba"]
[Date "1899-12-30"]
[Round "9.18"]
[White "Futyma, Dawid"]
[Black "Wichrowski, Krzysztof"]
[Result "0-1"]
[WhiteTitle "II"]
[BlackTitle "II"]
[WhiteElo "1044"]
[BlackElo "1134"]

1. d4 d5 2. c4 e6 3. Nc3 Nf6 4. Bg5 Be7 5. Nf3 Nc6 6. e3 b6 7. Bd3 Bb7 8. Qc2 h6
9. Bf4 Nb4 10. Qd2 Nxd3+ 11. Qxd3 Ba6 12. b3 Bb4 13. Ne5 Bb7 14. O-O Bxc3 15.
Qxc3 Nh5 16. Bg3 O-O 17. Rac1 c6 18. cxd5 cxd5 19. Nc6 Bxc6 20. Qxc6 Qc8 21. Qb5
Qd8 22. Rc3 Nf6 23. f3 Rc8 24. Rfc1 Rxc3 25. Rxc3 Qe7 26. Qa4 Ne8 27. Bb8 Qh4
28. g3 Qg5 29. b4 Qf5 30. Qd1 a6 31. Rc6 Nf6 32. Be5 Nd7 33. g4 Qg6 34. Bf4 f5
35. Qc2 Kh7 36. Kf2 fxg4 37. Qxg6+ Kxg6 38. fxg4 Rf6 39. Kg3 e5 40. Rxf6+ gxf6
41. dxe5 fxe5 42. h4 exf4+ 43. Kxf4 Kf6 44. a4 a5 45. g5+ hxg5+ 46. hxg5+ Ke6
47. bxa5 bxa5 48. e4 d4 49. Kf3 Ne5+ 50. Ke2 Ng6 51. Kd2 Ke5 52. Kd3 Nf4+ 53.
Kd2 Kxe4 54. Kd1 Ke3 0-1

[Event "Indywidualne Mistrzostwa Polski Mlodzikow do lat 10 - Chlopcy"]
[Site "Szklarska Poreba"]
[Date "1899-12-30"]
[Round "9.20"]
[White "Jaszczuk, Piotr"]
[Black "Dobrowolski, Kamil"]
[Result "1-0"]
[WhiteTitle "II"]
[BlackTitle "III"]
[WhiteElo "1112"]
[BlackElo "1006"]

1. e4 c5 2. Nf3 Nc6 3. d4 cxd4 4. Nxd4 g6 5. c4 Bg7 6. Nc2 Nf6 7. Nc3 O-O 8. Be2
Ne5 9. f4 Nc6 10. O-O d6 11. Kh1 Bd7 12. Be3 b6 13. Qd2 Bc8 14. Bf3 Bb7 15. Rac1
Qc7 16. Na3 a6 17. Nd5 Nxd5 18. cxd5 Qd8 19. dxc6 Bc8 20. c7 Qd7 21. e5 Ra7 22.
Bxb6 dxe5 23. Qxd7 1-0

[Event "Indywidualne Mistrzostwa Polski Mlodzikow do lat 10 - Chlopcy"]
[Site "Szklarska Poreba"]
[Date "1899-12-30"]
[Round "9.21"]
[White "Dobosiewicz, Dawid"]
[Black "Cichon, Aleksander"]
[Result "1-0"]
[WhiteTitle "II"]
[BlackTitle "III"]
[WhiteElo "1263"]
[BlackElo "1085"]

1. e4 e5 2. Nc3 Nf6 3. Bc4 Nxe4 4. Qh5 Nd6 5. Qxe5+ Qe7 6. Qxe7+ Bxe7 7. Bb3 c6
8. d4 O-O 9. Nf3 Nf5 10. d5 Re8 11. O-O d6 12. h3 Bd7 13. Bf4 c5 14. g4 Nh6 15.
Ne4 Na6 16. Nxd6 Bxd6 17. Bxd6 Rad8 18. Bf4 b5 19. c4 Nc7 20. Bxc7 Rc8 21. Bf4
a5 22. Bxh6 gxh6 23. a4 b4 24. Rfe1 Rxe1+ 25. Rxe1 Rf8 26. Re7 Bc8 27. Bc2 Kh8
28. Nh4 Rg8 29. Rxf7 1-0

[Event "Indywidualne Mistrzostwa Polski Mlodzikow do lat 10 - Chlopcy"]
[Site "Szklarska Poreba"]
[Date "1899-12-30"]
[Round "9.22"]
[White "Jablonski, Dawid"]
[Black "Klim, Juliusz"]
[Result "1-0"]
[WhiteTitle "II"]
[BlackTitle "II"]
[WhiteElo "1087"]
[BlackElo "1239"]

1. d4 d5 2. c4 c6 3. Nc3 Nf6 4. cxd5 cxd5 5. Bf4 Nc6 6. e3 Bf5 7. Bd3 Bxd3 8. Qxd3
e6 9. Nf3 Bd6 10. Bxd6 Qxd6 11. O-O O-O 12. Rfe1 Rac8 13. Rac1 Nb4 14. Qd2 Qa6
15. Ne5 Rc7 16. a3 Nc6 17. Nd3 b6 18. b4 Ne7 19. Ne5 Rfc8 20. Qb2 Nf5 21. b5 Qb7
22. a4 Nd6 23. Rc2 Nc4 24. Nxc4 Rxc4 25. Qa3 Qc7 26. Rec1 Ne4 27. Nxd5 exd5 28.
Rxc4 dxc4 29. f3 Qd6 30. Qd3 cxd3 31. Rxc8+ Qf8 32. Rxf8+ Kxf8 33. Kf1 Nd2+ 34.
Ke1 Nb1 35. e4 Ke7 36. g3 Kd6 37. Kd1 g6 38. Kc1 d2+ 39. Kc2 h6 40. h3 h5 41.
g4 h4 42. g5 Kd7 43. Kd1 Ke7 44. Kc2 Kd6 45. Kd1 Nc3+ 46. Kxd2 Nxa4 47. Kc2 Nc5
48. dxc5+ Kxc5 49. Kd3 Kxb5 50. f4 a5 51. f5 gxf5 52. exf5 a4 53. Kc3 Kc5 54.
g6 fxg6 55. fxg6 1-0

[Event "Indywidualne Mistrzostwa Polski Mlodzikow do lat 10 - Chlopcy"]
[Site "Szklarska Poreba"]
[Date "1899-12-30"]
[Round "9.23"]
[White "Sienicki, Oliwier"]
[Black "Kawa, Bartlomiej"]
[Result "1/2-1/2"]
[WhiteTitle "II"]
[BlackTitle "II"]
[WhiteElo "1135"]
[BlackElo "1060"]

1. e4 e5 2. Nf3 Nc6 3. Bb5 a6 4. Ba4 Nf6 5. O-O Be7 6. Re1 b5 7. Bb3 d5 8. exd5
Nxd5 9. Nxe5 Nxe5 10. Rxe5 c6 11. Bxd5 cxd5 12. d4 Be6 13. Qf3 Bd6 14. Re1 O-O
15. Bf4 Be7 16. Be5 Rc8 17. c3 Bd6 18. Qg3 Bxe5 19. Rxe5 Qd6 20. Rg5 Qxg3 21.
Rxg3 a5 22. Nd2 a4 23. b3 a3 24. b4 Bf5 25. Rg5 g6 26. Rc1 f6 27. Rg3 Rfe8 28.
Kf1 Kf7 29. h3 Kg7 30. Rf3 h5 31. Nb3 Kf7 32. Nc5 Rc7 33. Re3 Rd8 34. Ke2 Ra7
35. Kf3 h4 36. Kf4 Rc7 37. Rh1 Re8 38. g4 hxg3 39. fxg3 g5+ 40. Kf3 Be4+ 41. Nxe4
dxe4+ 42. Ke2 f5 43. Rf1 Kg6 44. h4 g4 45. Rd1 Rec8 46. Kd2 Rd8 47. Kc2 Rd5 48.
Kb3 Ra7 49. c4 bxc4+ 50. Kxc4 Rd8 51. b5 Ra4+ 52. Kc3 Rd5 53. b6 Rb5 54. d5 Rxb6
55. d6 Ra8 56. d7 Rd8 57. Re2 Rb7 58. Red2 e3 59. Re2 Rbxd7 60. Rxd7 Rxd7 61.
Rxe3 Rd6 62. Kb4 Rf6 63. Rxa3 f4 64. gxf4 Rxf4+ 65. Kb5 Rf3 66. Ra4 Kh5 67. Rxg4
Rf5+ 68. Kb6 Rf6+ 69. Kb7 Rf7+ 70. Kb6 Kxg4 71. a4 Kxh4 72. a5 Rf6+ 73. Kb7 Rf7+
74. Kb6 Rf6+ 75. Kb7 Rf7+ 76. Kb6 1/2-1/2

[Event "Indywidualne Mistrzostwa Polski Mlodzikow do lat 10 - Chlopcy"]
[Site "Szklarska Poreba"]
[Date "1899-12-30"]
[Round "9.24"]
[White "Adamala, Tomasz"]
[Black "Macura, Mateusz"]
[Result "0-1"]
[WhiteTitle "III"]
[BlackTitle "II"]
[WhiteElo "1036"]
[BlackElo "1095"]

1. e4 d5 2. exd5 Nf6 3. d4 Bg4 4. f3 Bf5 5. g4 Bg6 6. c4 c6 7. g5 Nfd7 8. Nc3 cxd5
9. cxd5 Nb6 10. Bb5+ N8d7 11. Bf4 a6 12. Bd3 Bxd3 13. Qxd3 Rc8 14. Nge2 g6 15.
O-O Bg7 16. Rfe1 O-O 17. Rac1 Re8 18. Ng3 e5 19. dxe6 fxe6 20. Nge4 e5 21. dxe5
Nxe5 22. Qxd8 Rcxd8 23. Bxe5 Bxe5 24. Rc2 Kg7 25. Rce2 Rf8 26. Nc5 Bd4+ 27. Kg2
Bxc5 28. Ne4 Bb4 29. Rc1 Nd5 30. Kg3 Bd6+ 31. Nxd6 Rxd6 32. Rd2 Rfd8 33. Rcd1
Kf7 34. f4 Ke6 35. Re1+ Kd7 36. Red1 Kc6 37. Rc1+ Kb5 38. Rcd1 Kb6 39. b3 0-1

[Event "Indywidualne Mistrzostwa Polski Mlodzikow do lat 10 - Chlopcy"]
[Site "Szklarska Poreba"]
[Date "1899-12-30"]
[Round "9.25"]
[White "Jasiulewicz, Kamil"]
[Black "Balis, Sebastian"]
[Result "0-1"]
[WhiteTitle "II"]
[BlackTitle "II"]
[WhiteElo "1075"]
[BlackElo "1253"]

1. d4 d5 2. c4 e6 3. Nf3 Nf6 4. e3 Be7 5. Nbd2 O-O 6. cxd5 exd5 7. Bd3 Nc6 8. b3
b6 9. Bb2 Nb4 10. Bb1 Ba6 11. Bc3 Nd3+ 12. Bxd3 Bxd3 13. Ng1 Ne4 14. Ne2 Bh4 15.
g3 Qf6 16. O-O Nxc3 17. Nxc3 Bxf1 18. Qxf1 Qc6 19. Rc1 Bd8 20. Ne2 Qd7 21. Nf4
Bg5 22. Nd3 Bf6 23. Nf4 Rac8 24. Qg2 Rfd8 25. Qf3 Qf5 26. Qe2 Re8 27. Nf3 c5 28.
dxc5 d4 29. h3 Rxc5 30. Rd1 Rc2 31. Nd2 g5 32. g4 Qd7 33. Nh5 Bg7 34. Qd3 Rc3
35. Qb1 dxe3 36. Ne4 exf2+ 37. Kxf2 Qc6 38. Nxc3 Qxc3 39. Rd3 Qc5+ 40. Kg2 Re2+
41. Kh1 Qc6+ 42. Rd5 Qxd5+ 43. Qe4 Qxe4+ 44. Kg1 Qg2# 0-1

[Event "Indywidualne Mistrzostwa Polski Mlodzikow do lat 10 - Chlopcy"]
[Site "Szklarska Poreba"]
[Date "1899-12-30"]
[Round "9.26"]
[White "Bieronski, Nikodem"]
[Black "Wolski, Ernest"]
[Result "0-1"]
[WhiteTitle "II"]
[BlackTitle "II"]
[WhiteElo "1168"]
[BlackElo "1004"]

1. e4 d5 2. exd5 Qxd5 3. Nc3 Qa5 4. Nf3 Bg4 5. Be2 e6 6. h3 Bxf3 7. Bxf3 c6 8.
O-O Nd7 9. Re1 Ngf6 10. d4 Bd6 11. d5 cxd5 12. Nxd5 Nxd5 13. Bxd5 O-O-O 14. Bb3
Nc5 15. Bd2 Qb6 16. Rc1 Bf4 17. Re2 Qd6 18. Re3 Bxe3 19. Bxe3 Qxd1+ 20. Rxd1 Rxd1+
21. Kh2 Nxb3 22. cxb3 Kc7 23. Kg3 Rhd8 24. Bf4+ R8d6 25. f3 h6 26. Bxd6+ Kxd6
0-1

[Event "Indywidualne Mistrzostwa Polski Mlodzikow do lat 10 - Chlopcy"]
[Site "Szklarska Poreba"]
[Date "1899-12-30"]
[Round "9.28"]
[White "Makuch, Tomasz"]
[Black "Zabrzanski, Marcin"]
[Result "0-1"]
[WhiteTitle "II"]
[BlackTitle "II"]
[WhiteElo "1098"]
[BlackElo "1013"]

1. e4 c5 2. Nf3 e6 3. d4 cxd4 4. Nxd4 a6 5. Nc3 Qc7 6. g3 Nf6 7. Bg2 Be7 8. O-O
O-O 9. h3 d6 10. Be3 Nbd7 11. f4 Nb6 12. Rb1 Nc4 13. Bf2 Nxb2 14. e5 Nxd1 15.
Nxd1 dxe5 16. fxe5 Qxe5 17. Bxb7 Bxb7 18. Rxb7 Qd5 19. Rxe7 Nd7 20. Ne3 Qd6 21.
Rxd7 Qxd7 22. Rd1 Qa4 23. Nf3 Rfd8 24. Rb1 Rab8 25. Rc1 Qxa2 26. Kg2 Rb1 27. Rxb1
Qxb1 28. c4 a5 29. c5 Qb5 30. Ng4 f6 31. Nd4 Qb7+ 32. c6 Qc7 33. Kh2 Rxd4 34.
Bxd4 Qxc6 35. Kg1 a4 36. Bb2 Qb6+ 37. Kf1 Qxb2 38. Ne3 a3 39. Ng2 a2 40. Ne1 a1=Q
41. g4 Qa6+ 42. Kg1 Qae2 43. g5 Qxe1# 0-1